000
00331nam a2200133Ia 4500
008
151001s9999||||xx |||||||||||||| ||und||
100
_a
अना पोलीतकोव
245
_a
ए रशीयन डायरी
250
_a
1
260
_b
क्ष
260
_c
2011
300
_a
300
365
_b
21
999
_c
997343
_d
997340